University Home | Library Home | Institutional Repository

L'innocent : (Record no. 93782)

MARC details
000 -LEADER
fixed length control field 00593cam4a220020500 4500
001 - CONTROL NUMBER
control field tmp15529300
003 - CONTROL NUMBER IDENTIFIER
control field UPRA
005 - DATE AND TIME OF LATEST TRANSACTION
control field 20190819083606.0
008 - FIXED-LENGTH DATA ELEMENTS--GENERAL INFORMATION
fixed length control field 950906s1965 fr fre u
035 ## - SYSTEM CONTROL NUMBER
System control number (Sirsi) r84443
035 ## - SYSTEM CONTROL NUMBER
System control number (UPRA)tmp15529300
040 ## - CATALOGING SOURCE
Transcribing agency UPRA
100 1# - MAIN ENTRY--PERSONAL NAME
Personal name Heriat, Philippe, 1898-1971.
Dates associated with a name Heriat, Philippe, 1898-1971.
Linkage A44302.1
245 12 - TITLE STATEMENT
Title L'innocent :
Remainder of title roman.
260 ## - PUBLICATION, DISTRIBUTION, ETC.
Place of publication, distribution, etc. [Paris] :
Name of publisher, distributor, etc. Gallimard,
Date of publication, distribution, etc. [1965]
440 #0 - SERIES STATEMENT/ADDED ENTRY--TITLE
Title Livre de poche
Linkage S322.1
500 ## - GENERAL NOTE
General note First published in 1954.
949 ## - LOCAL PROCESSING INFORMATION (OCLC)
a PQ2615.E66
w lcc
i -117413
m MAIN
t BOOK
l ON-SHELF

No items available.

© 2026 - The University of Zambia Library - Koha v25.11